000 00432nam a22001697a 4500
003 OSt
005 20211005144333.0
008 211005b |||||||| |||| 00| 0 eng d
020 _a0-632-04053-X
040 _cHawassa University
050 _a630.715/BAN
_b12
082 _22
_a630.715/BAN
_b12
100 _aBan,A.W.Van Den
_910280
245 _aAgricultural Extension
260 _aLondon
_bBlackwell
_c1996
942 _2ddc
_cBOOKS
_n0
999 _c9566
_d9566